Sports Quiz

Random Sports or Basketball Quiz

Big South Quiz Stats

 Plays Quiz Updated Jul 11, 2018

Score 0/22 Timer 05:00
0 Plays Today
% Correct
Winthrop
58.7%
Eagles
58.2%
Radford
55.7%
UNC Asheville
55.2%
Campbell
52.3%
High Point
49.9%
Bulldogs
48.7%
Charleston Southern
47.4%
Hampton
45.1%
Presbyterian College
44.1%
Gardner-Webb
43.8%
% Correct
Longwood
43.3%
Fighting Camels
40.1%
Pirates
39%
Panthers
38.3%
USC Upstate
36.3%
Highlanders
35.4%
Blue Hose
34.7%
Spartans
34.7%
Lancers
33.7%
Buccaneers
33%
Runnin' Bulldogs
31.2%

You're not logged in!

Compare scores with friends on all Sporcle quizzes.
OR
Log In

Sporcle TV

Today on Sporcle TV


Watch our educational content, quiz creation guides, and fun videos on Sporcle TV.

Show Comments

Extras

Top Quizzes Today


Score Distribution

Your Account Isn't Verified!

In order to create a playlist on Sporcle, you need to verify the email address you used during registration. Go to your Sporcle Settings to finish the process.

Report this User

Report this user for behavior that violates our Community Guidelines.

Details: